000 00768nam a2200289Ia 4500
008 171120s9999 xx 000 0 und d
020 _a849934133
050 _a242.63
050 _bM138 1992
100 _aMcDowell, Josh
245 _a13 things you gotta know :
245 _bto make it as a Christian /
245 _cby Josh McDowell and Bob Hostetler.
260 _aTexas :
260 _bWord Publishing,
260 _c1992
300 _a131 pages :
300 _billustrations ;
300 _c21cm.
500 _aPower link student devotional.
650 _aDevotional calendars.
650 _aPrayer books and devotions.
650 _aTeenagers --
650 _xPrayers and devotions.
700 _aHostetler, Bob.
700 _aTitle.
999 _c345071
_d345071